| 000 | 01057nam a22002297a 4500 | ||
|---|---|---|---|
| 001 | 3306 | ||
| 003 | FISKH | ||
| 005 | 20240228153939.0 | ||
| 008 | 240226b cb ||||| |||| 00| 0 eng d | ||
| 020 | _a9781785996443 | ||
| 040 |
_aFISKH _beng _cFISKH _dFISKH |
||
| 050 | _aPG3326.P7 | ||
| 082 | _a891.733 | ||
| 100 | _aDostoyevsky, Fyodor | ||
| 245 |
_aCrime and punishment / _c Fyodor Dostoevsky ; Translated by Constance Garnett |
||
| 260 |
_aLondon : _bArcturus, _c2018. |
||
| 300 |
_a442 pages : _c20 cm |
||
| 520 | _aA mesmerizing detective story with an intriguing and multifarious central character, Crime and Punishment hinges on the ethical dilemmas and angst of the student Rodion Romanovich Raskolnikov who plans and implements the murder of a ruthless pawnbroker. Rodion convinces himself that in killing her he will both solves his financial problems and divests the world of a wicked leech. But can he commit a murder and escape all consequences? | ||
| 650 |
_aNovel _vFiction _yRussian literature |
||
| 942 |
_2ddc _cBK _n0 |
||
| 999 |
_c3306 _d3306 |
||